[Event "Tabor op"]
[Site "Tabor"]
[Date "2013.07.29"]
[Round "3"]
[White "Mejta, Frantisek"]
[Black "Landa, Jiri"]
[Result "0-1"]
[WhiteElo "1799"]
[BlackElo "1910"]
[PlyCount "38"]
[EventDate "2013.07.28"]
[EventType "swiss"]
[EventRounds "9"]
[EventCountry "CZE"]
[SourceTitle "CBM 155 Extra"]
[Source "ChessBase"]
[SourceDate "2013.08.26"]
[SourceVersion "1"]
[SourceVersionDate "2013.08.26"]
[SourceQuality "1"]

1. d4 Nf6 2. c4 g6 3. Nc3 d5 4. cxd5 Nxd5 5. Bd2 Bg7 6. e4 Nb6 7. Be3 Nc6 8. Nf3 Bg4 9. Bb5 0-0 10. Bxc6 bxc6 11. Rc1 Nc4 12. b3 Nxe3 13. fxe3 c5 14. Ne2 cxd4 15. exd4 Rc8 16. 0-0 c5 17. dxc5 Qa5 18. Rc4 Be6 19. b4 Qb5 0-1

[Event "Tabor op"]
[Site "Tabor"]
[Date "2013.07.28"]
[Round "1"]
[White "Mejta, Frantisek"]
[Black "Svetly, Jiri"]
[Result "1-0"]
[WhiteElo "1799"]
[BlackElo "1958"]
[PlyCount "149"]
[EventDate "2013.07.28"]
[EventType "swiss"]
[EventRounds "9"]
[EventCountry "CZE"]
[SourceTitle "CBM 155 Extra"]
[Source "ChessBase"]
[SourceDate "2013.08.26"]
[SourceVersion "1"]
[SourceVersionDate "2013.08.26"]
[SourceQuality "1"]

1. d4 Nf6 2. c4 d6 3. Nc3 g6 4. g3 Bg7 5. Bg2 0-0 6. Nf3 c5 7. d5 e5 8. 0-0 Nh5 9. Ng5 h6 10. Nge4 f5 11. Nd2 e4 12. f4 Bd4+ 13. Kh1 Qf6 14. Nb5 a6 15. Nxd4 Qxd4 16. e3 Qg7 17. Rb1 Nd7 18. b4 cxb4 19. Rxb4 Nc5 20. Bb2 Nf6 21. Bd4 Qc7 22. Qa1 Qe7 23. a4 Nd3 24. Rb3 Nd7 25. a5 N7c5 26. Ra3 g5 27. Rb1 gxf4 28. gxf4 Qh4 29. Rb6 Nf2+ 30. Kg1 Ng4 31. Nf1 Qe7 32. Ng3 Kh7 33. Bxc5 dxc5 34. Qd1 Qh4 35. Nf1 Rg8 36. Qe2 Rg7 37. Rab3 Nf6 38. Qf2 Qxf2+ 39. Kxf2 Nd7 40. Re6 b5 41. axb6 Nf8 42. Rf6 Kg8 43. Bh3 a5 44. Nd2 a4 45. Rb1 a3 46. Nb3 a2 47. Ra1 Ra4 48. Bf1 Nd7 49. Rc6 Bb7 50. Rc7 Nxb6 51. Rxg7+ Kxg7 52. Nxc5 Ra7 53. Nxb7 Rxb7 54. Rxa2 Nd7 55. Bh3 Kf6 56. Ra6+ Rb6 57. Rxb6+ Nxb6 58. Bf1 Ke7 59. Kg3 Kd6 60. Kh4 Nd7 61. Kh5 Nf6+ 62. Kxh6 Ng4+ 63. Kg5 Nxe3 64. Be2 Kc5 65. h4 Nxc4 66. Kxf5 Nd6+ 67. Ke6 e3 68. h5 Nb7 69. Kf6 Nd6 70. h6 Ne4+ 71. Ke5 Nc3 72. Bf3 Nxd5 73. h7 e2 74. Bxe2 Nxf4 75. Kxf4 1-0